000
00255nam a2200109Ia 4500
005
20251222154440.0
008
251222s9999||||xx |||||||||||||| ||spa||
082
_a
520/M63
100
_a
"Miravitlles, Luis"
245
0
_a
Visado para el futuro
942
_c
LIB
999
_c
36748
_d
36748